<?xml version="1.0" encoding="UTF-8"?>
<resp>
  <nextPage>https://data.bn.org.pl/api/networks/bibs.marcxml?marc=001+b1000002741468&amp;sinceId=1000002741469</nextPage>
  <collection>
    <record xmlns='http://www.loc.gov/MARC21/slim'><leader>02888naa a2200781 i 4500</leader><controlfield tag='001'>b1000002741468</controlfield><controlfield tag='005'>20260417094946.3</controlfield><controlfield tag='008'>221223s2022    pl           |000 0 eng c</controlfield><controlfield tag='009'>9913139017505606</controlfield><datafield ind1=' ' ind2=' ' tag='015'><subfield code='a'>BZCz 2023/9379</subfield></datafield><datafield ind1='7' ind2=' ' tag='024'><subfield code='a'>10.12775/HiP.2022.013</subfield><subfield code='2'>doi</subfield></datafield><datafield ind1=' ' ind2=' ' tag='035'><subfield code='a'>(PL)b1000002741468</subfield></datafield><datafield ind1=' ' ind2=' ' tag='040'><subfield code='a'>WA N</subfield><subfield code='c'>WA N</subfield><subfield code='d'>WA N</subfield></datafield><datafield ind1='0' ind2=' ' tag='041'><subfield code='a'>eng</subfield><subfield code='b'>pol</subfield></datafield><datafield ind1='2' ind2=' ' tag='045'><subfield code='b'>d1890</subfield><subfield code='b'>d2022</subfield></datafield><datafield ind1=' ' ind2=' ' tag='046'><subfield code='k'>2022</subfield></datafield><datafield ind1=' ' ind2=' ' tag='080'><subfield code='8'>1.1\x</subfield><subfield code='a'>94(4/9)(045/046)</subfield></datafield><datafield ind1=' ' ind2=' ' tag='080'><subfield code='8'>1.2\x</subfield><subfield code='a'>323/324(045/046)</subfield></datafield><datafield ind1='1' ind2=' ' tag='100'><subfield code='a'>Radowicz, Joanna</subfield><subfield code='e'>Autor</subfield></datafield><datafield ind1='1' ind2='0' tag='245'><subfield code='a'>Congo from Leopold II to Félix Tshisekedi =</subfield><subfield code='b'>Demokratyczna Republika Konga od Leopolda II do Félixa Tshisekediego /</subfield><subfield code='c'>Joanna Radowicz (Kielce University of Technology. Faculty of Management and Computer Modelinig).</subfield></datafield><datafield ind1='3' ind2='1' tag='246'><subfield code='a'>Demokratyczna Republika Konga od Leopolda II do Félixa Tshisekediego</subfield></datafield><datafield ind1=' ' ind2=' ' tag='260'><subfield code='c'>2022.</subfield></datafield><datafield ind1=' ' ind2=' ' tag='336'><subfield code='a'>Tekst</subfield><subfield code='b'>txt</subfield><subfield code='2'>rdacontent</subfield></datafield><datafield ind1=' ' ind2=' ' tag='337'><subfield code='a'>Bez urządzenia pośredniczącego</subfield><subfield code='b'>n</subfield><subfield code='2'>rdamedia</subfield></datafield><datafield ind1=' ' ind2=' ' tag='338'><subfield code='a'>Wolumin</subfield><subfield code='b'>nc</subfield><subfield code='2'>rdacarrier</subfield></datafield><datafield ind1=' ' ind2=' ' tag='380'><subfield code='a'>Artykuły</subfield></datafield><datafield ind1=' ' ind2=' ' tag='380'><subfield code='a'>Publikacje naukowe</subfield></datafield><datafield ind1='1' ind2=' ' tag='388'><subfield code='a'>2001-</subfield></datafield><datafield ind1=' ' ind2=' ' tag='504'><subfield code='a'>Bibliografia, netografia na stronach 70-72.</subfield></datafield><datafield ind1=' ' ind2=' ' tag='546'><subfield code='a'>Streszczenie w języku polskim.</subfield></datafield><datafield ind1='3' ind2='7' tag='600'><subfield code='a'>Leopold</subfield><subfield code='b'>II</subfield><subfield code='c'>(król Belgów ;</subfield><subfield code='d'>1835-1909)</subfield><subfield code='2'>DBN</subfield></datafield><datafield ind1='1' ind2='7' tag='600'><subfield code='a'>Tshisekedi, Félix</subfield><subfield code='d'>(1963- )</subfield><subfield code='2'>DBN</subfield></datafield><datafield ind1=' ' ind2='7' tag='648'><subfield code='a'>1801-1900</subfield><subfield code='2'>DBN</subfield></datafield><datafield ind1=' ' ind2='7' tag='648'><subfield code='a'>1901-2000</subfield><subfield code='2'>DBN</subfield></datafield><datafield ind1=' ' ind2='7' tag='648'><subfield code='a'>2001-</subfield><subfield code='2'>DBN</subfield></datafield><datafield ind1=' ' ind2='7' tag='650'><subfield code='a'>Autorytaryzm (politologia)</subfield><subfield code='2'>DBN</subfield></datafield><datafield ind1=' ' ind2='7' tag='650'><subfield code='a'>Politycy i polityczki</subfield><subfield code='2'>DBN</subfield></datafield><datafield ind1=' ' ind2='7' tag='650'><subfield code='a'>Kolonializm</subfield><subfield code='2'>DBN</subfield></datafield><datafield ind1=' ' ind2='7' tag='650'><subfield code='a'>Polityka wewnętrzna</subfield><subfield code='2'>DBN</subfield></datafield><datafield ind1=' ' ind2='7' tag='651'><subfield code='a'>Demokratyczna Republika Konga</subfield><subfield code='2'>DBN</subfield></datafield><datafield ind1=' ' ind2='7' tag='651'><subfield code='a'>Belgia</subfield><subfield code='2'>DBN</subfield></datafield><datafield ind1=' ' ind2='7' tag='655'><subfield code='a'>Artykuł problemowy</subfield><subfield code='2'>DBN</subfield></datafield><datafield ind1=' ' ind2='7' tag='655'><subfield code='a'>Artykuł z czasopisma historycznego</subfield><subfield code='2'>DBN</subfield></datafield><datafield ind1=' ' ind2='7' tag='655'><subfield code='a'>Artykuł z czasopisma naukowego</subfield><subfield code='2'>DBN</subfield></datafield><datafield ind1=' ' ind2=' ' tag='658'><subfield code='a'>Polityka, politologia, administracja publiczna</subfield></datafield><datafield ind1=' ' ind2=' ' tag='658'><subfield code='a'>Historia</subfield></datafield><datafield ind1='2' ind2=' ' tag='710'><subfield code='a'>Wydział Zarządzania i Modelowania Komputerowego (Politechnika Świętokrzyska)</subfield><subfield code='4'>oth</subfield></datafield><datafield ind1='0' ind2=' ' tag='773'><subfield code='i'>W:</subfield><subfield code='t'>Historia i Polityka : wiek XX.</subfield><subfield code='x'>1899-5160.</subfield><subfield code='g'>2022, nr 40, s. 57-72</subfield><subfield code='w'>(PL)b0000002182276</subfield></datafield><datafield ind1=' ' ind2=' ' tag='852'><subfield code='b'>48OMNIS_NETWORK</subfield><subfield code='8'>9913139017505606</subfield></datafield><datafield ind1=' ' ind2=' ' tag='852'><subfield code='b'>48OMNIS_NLOP</subfield><subfield code='8'>991053057509805066</subfield></datafield></record>
  </collection>
</resp>
